000 00481cam a2200157ua 4500
003 OSt
008 241223b |||||||| |||| 00| 0 eng dhttp://14.139.181.140:8000/cgi-bin/koha/cataloguing/addbiblio.pl?biblionumber=1940#
041 _aeng
082 _a621.313
_bAND/AU
100 _aAnderson, Edwin.P .
_96539
245 _aAudels electric motor guide /
250 _a1 /
260 _a :
_bD B Taraporevala sons & Co. Pvt. Ltd. ,
_c1985.
300 _a1036 ; .
942 _cBK
999 _c1940
_d1940